000 00970 a2200217 4500
999 _c11378
_d11378
020 _a9780822363194 (pbk. : alk. paper)
050 0 0 _aHQ 1190
_bAHM 2017
100 1 _aAhmed, Sara,
_d1969-
_eauthor.
245 1 0 _aLiving a feminist life /
_cSara Ahmed.
264 1 _aDurham :
_bDuke University Press,
_c[2017]
300 _a299 pages ;
336 _atext
_2rdacontent
337 _aunmediated
_2rdamedia
338 _avolume
_2rdacarrier
504 _aIncludes bibliographical references (pages 281-289) and index.
505 0 _aFeminism is sensational -- On being directed -- Willfulness and feminist subjectivity -- Trying to transform -- Being in question -- Brick walls -- Fragile connections -- Feminist snap -- Lesbian feminism -- Conclusion 1: A killjoy survival kit -- Conclusion 2: A killjoy manifesto.
650 0 _aFeminist theory.
650 0 _aFeminism.
942 _2lcc
_cBK
_h1190
_iAHM
_kHQ